Ocean-atmosphere interaction and climate modelling

Αποθηκεύτηκε σε:
Λεπτομέρειες βιβλιογραφικής εγγραφής
Κύριος συγγραφέας: Kagan, Boris Abramovich
Άλλοι συγγραφείς: Hazin, Mikhail (Μεταφραστής)
Μορφή: Βιβλίο
Γλώσσα:English
Δημοσίευση: Cambridge : Cambridge University Press, c1995
Σειρά:Cambridge atmospheric and space science series
Θέματα:
Ετικέτες: Προσθήκη ετικέτας
Δεν υπάρχουν, Καταχωρήστε ετικέτα πρώτοι!

MARC

LEADER 00000nam a2200000 i 4500
001 1/17496
008 981006s1995 eng d
020 |a 0-521-44445-4 
035 |l 10020580 
040 |a GR-MY-UA  |b gre  |e aacr 
041 0 |a eng 
082 0 |a 551.25 
100 1 |a Kagan, Boris Abramovich. 
245 1 0 |a Ocean-atmosphere interaction and climate modelling /  |c Boris A. Kagan ; Translated by Mikhail Hazin 
260 |a Cambridge :   |b Cambridge University Press,   |c c1995 
300 |a 377 p.  |b fig.; tabl. 
490 1 |a Cambridge atmospheric and space science series 
504 |a Includes bibliographical references and index 
650 0 0 |a Ocean-atmosphere interaction  |x Mathematical models. 
650 0 0 |a Climatology  |x Mathematical models. 
700 0 |a Hazin, Mikhail.  |4 trl 
830 0 |a Cambridge atmospheric and space science series 
852 |a INST  |b LESVOS  |e 19981006  |h 551.25 KAG  |p 005100012976  |q 005100012976  |t BK  |y 0 
901 |a BIBL-1998-3 
909 |a Λ  |b 059180 
922 |a 1ΕΛΗ  |b 199809  |c ΚΠΣ/ΤΠ  |d ΠΑΠΑΣΩΤΗΡΙΟΥ 
950 |a 107-1998-06-03